Geography Tri-Chain - Statistics

General Stats
  • This quiz has been taken 112 times
  • The average score is 12 of 24
Answer Stats
Hint Answer % Correct
Monsoon winds often bring this precipitation Rain
88%
French Riviera city with a film festival Cannes
80%
Australian territory, or African lake, or Canadian city, or... Victoria
73%
The Romantic language most similar to Latin Italian
65%
This country banned wine in 1979, even in Shiraz Iran
64%
Nation whose capital is named for a US president Liberia
63%
A vast, sparsely populated region east of the Urals Siberia
60%
Rolled tobacco makes up 24% of this country's exports Cuba
59%
This country is home to the Sierra Nevada mountains Spain
59%
Japanese "sulfur island": Iwo ____ Jima
58%
The French Polynesian island of New _________ Caledonia
52%
The largest city on the island of Luzon Manila
51%
This new national capital is on the White Nile Juba
45%
National demonym for someone from Bamako Malian
41%
Arab League member who had the largest area in 2010 Sudan
41%
Demonym for "leaning tower" builders; or slang for "pal" Pisan
38%
Major city in the Arizona Sun Corridor Tucson
37%
The southern end of South America Patagonia
36%
Megacity founded in 1535 as Ciudad de Los Reyes Lima
33%
Madagascar produces 80% of these aromatic beans Vanilla
33%
One of the host cities of the 2010 FIFA World Cup Pretoria
32%
Middling nobles; known as comtes in French Counts
31%
Former name of South Korea's 2nd city Pusan
26%
The _____ Islands include Borneo, Java, Timor, etc. Sunda
19%
No matching quizzes found
Score Distribution
Percent of People with Each Score
Percentile by Number Answered
Your Score History
You have not taken this quiz